Les campagnes des armées françaises (Record no. 166920)

MARC details
000 -LEADER
campo de control de longitud fija 00707nam a22001935i 4500
001 - NÚMERO DE CONTROL
campo de control 166920
003 - IDENTIFICADOR DE NÚMERO DE CONTROL
campo de control ES-MaACL
005 - FECHA Y HORA DE LA ÚLTIMA TRANSACCIÓN
campo de control 20230906213428.0
008 - DATOS DE LONGITUD FIJA--INFORMACIÓN GENERAL
campo de control de longitud fija 011030s1899 fr a |||| | fre d
040 ## - FUENTE DE CATALOGACIÓN
Centro catalogador/agencia de origen CCPB | B
Lengua de catalogación spa
Centro/agencia transcriptor CCPB | B
100 1# - ENTRADA PRINCIPAL--NOMBRE DE PERSONA
Nombre de persona Vallaux, Camille.
9 (RLIN) 112743
245 14 - MENCIÓN DEL TÍTULO
Título Les campagnes des armées françaises
Resto del título : 1792-1815 /
Mención de responsabilidad, etc. par Camille Vallaux.
260 ## - PUBLICACIÓN, DISTRIBUCIÓN, ETC.
Lugar de publicación, distribución, etc. Paris :
Nombre del editor, distribuidor, etc. Ancienne Librairie Germer Baillière & cie., Félix Alcan, éditeur,
Fecha de publicación, distribución, etc. 1899 (
Lugar de fabricación/manufactura Chartres :
Fabricante Imprimerie Durand)
300 ## - DESCRIPCIÓN FÍSICA
Extensión 362 p. :
Otras características físicas il. ;
Dimensiones 19 cm.
650 #4 - PUNTO DE ACCESO ADICIONAL DE MATERIA--TÉRMINO DE MATERIA
Término de materia o nombre geográfico como elemento de entrada Batallas-
Subdivisión geográfica Francia-
Subdivisión cronológica 1792-1815.
9 (RLIN) 135675
752 ## - ENTRADA AGREGADA--NOMBRE JERÁRQUICO DEL LUGAR
País o entidad superior Francia -
Ciudad París
752 ## - ENTRADA AGREGADA--NOMBRE JERÁRQUICO DEL LUGAR
País o entidad superior Francia -
Ciudad Chartres
852 ## - LOCALIZACIÓN
Ubicación ES-MaACL
Número de control de estantería G-7239
Nota libre -- Rust.
Holdings
Estatus retirado Estado de pérdida Estado de daño No para préstamo Colección Biblioteca de origen Biblioteca actual Ubicación en estantería Fecha de adquisición Fuente de adquisición Total de préstamos Signatura topográfica completa Código de barras Visto por última vez Precio de reemplazo Tipo de ítem Koha
        Libros del s. XIX Biblioteca del Ateneo de Madrid Biblioteca del Ateneo de Madrid Depósito 2 17/01/2008     G-7239 1175094 23/02/2023 23/02/2023 Libro impreso antiguo